Aktuelle Rechtsprechung zum Recht der Verwertungsgesellschaften

A tanulmány a német jogkezelő szervezeteket, az azokra vonatkozó normatív szabályozást, különösen az Európai Parlament és a Tanács szerzői és szomszédos jogokra vonatkozó közös jogkezelésről és a zeneművek belső piacon történő online felhasználásának több területre kiterjedő hatályú engedélyezéséről...

Teljes leírás

Elmentve itt :
Bibliográfiai részletek
Szerző: Lydorf Claudia
Dokumentumtípus: Cikk
Megjelent: 2018
Sorozat:Acta Universitatis Szegediensis : forum : acta juridica et politica 8 No. 1
Kulcsszavak:Jogtudomány
Tárgyszavak:
Online Access:http://acta.bibl.u-szeged.hu/61928
LEADER 01781nab a2200217 i 4500
001 acta61928
005 20260224081030.0
008 190722s2018 hu o 000 ger d
022 |a 2063-2525 
040 |a SZTE Egyetemi Kiadványok Repozitórium  |b hun 
041 |a ger 
100 1 |a Lydorf Claudia 
245 1 0 |a Aktuelle Rechtsprechung zum Recht der Verwertungsgesellschaften  |h [elektronikus dokumentum] /  |c  Lydorf Claudia 
260 |c 2018 
300 |a 137-146 
490 0 |a Acta Universitatis Szegediensis : forum : acta juridica et politica  |v 8 No. 1 
520 3 |a A tanulmány a német jogkezelő szervezeteket, az azokra vonatkozó normatív szabályozást, különösen az Európai Parlament és a Tanács szerzői és szomszédos jogokra vonatkozó közös jogkezelésről és a zeneművek belső piacon történő online felhasználásának több területre kiterjedő hatályú engedélyezéséről szóló 2014/26/EU irányelvet átültető, 2016. június 1. napján hatályba lépett törvényi rendelkezéseket, valamint jogalkalmazási gyakorlatot állítja középpontjába figyelemmel többek között arra, hogy az elmúlt években számos olyan német bírósági ítélet került meghozatalra, amelyben jogkezelő szervezetek is érdekeltek. A tanulmány részletesen elemzi a BGH vom 21. April 2016 (I ZR 198/13) ítéletet, a korábbi, jogorvoslatokkal érintett ítéleteket, valamint a Bundesgerichtshof ítélete okán a Bundestag által 2016 decemberében elfogadott törvényt, amely a szerzők és a kiadók számára a jövőben is egységes közös jogot biztosít. 
650 4 |a Társadalomtudományok 
650 4 |a Jogtudomány 
695 |a Jogtudomány 
856 4 0 |u http://acta.bibl.u-szeged.hu/61928/1/juridpol_forum_008_001_137-146.pdf  |z Dokumentum-elérés